000 00483nam a2200181Ia 4500
005 20250326124625.0
008 250326s9999 xx 000 0 und d
037 _aTextbook
040 _aFMSL
_beng
_cFMSL
041 _aeng
_2eng
084 _aX:8ogB28 L1
_qFMSL
100 _aLindley D V
245 0 _aMaking decisions
_cLindley D V
260 _aNY
_bNY, Wiley - Interscience
_c1971
300 _a190p
942 _cTB
_hX:8ogB28 L1
999 _c1274446
_d1274446